[Event "Czech Open GM 2019"]
[Site "Pardubice"]
[Date "2019.07.19"]
[Round "1.34"]
[White "Erenberg, Ariel"]
[Black "Hesse, Henrik"]
[Result "1-0"]
[WhiteElo "2442"]
[BlackElo "2193"]
[Annotator "NA"]
[PlyCount "119"]
[EventDate "2019.07.19"]
[EventType "swiss"]
[EventCountry "CZE"]
[SourceTitle "playchess.com"]
[Source "ChessBase"]
[SourceQuality "1"]

1. d4 Nf6 2. c4 g6 3. g3 Bg7 4. Bg2 O-O 5. Nc3 d6 6. Nf3 c6 7. O-O Nbd7 8. e4 Qc7 9. h3 e5 10. Qc2 b5 11. Rd1 bxc4 12. dxe5 dxe5 13. Be3 Re8 14. Nd2 Nb6 15. Na4 Nxa4 16. Qxa4 c3 17. bxc3 Be6 18. Nb3 Nd7 19. Bf1 Bf8 20. Qa5 Qxa5 21. Nxa5 Rac8 22. Nc4 Rc7 23. Rab1 f6 24. Nd6 Rd8 25. Bc4 Bxc4 26. Nxc4 Be7 27. Kg2 Kf7 28. a4 Ke6 29. a5 Rdc8 30. a6 Nc5 31. Bxc5 Bxc5 32. f4 Re7 33. Kf3 Rf8 34. Na5 Rc7 35. Rb7 Rfc8 36. Rb2 Rd7 37. f5+ gxf5 38. exf5+ Ke7 39. Rb7 Rcc7 40. Nxc6+ Ke8 41. Rxd7 Kxd7 42. Nb4 Bd6 43. Rxc7+ Bxc7 44. g4 Kd6 45. h4 Bd8 46. Ke3 Kc5 47. Ke4 h6 48. Ke3 Bb6 49. Kd3 Bd8 50. Ke4 Bc7 51. Nd3+ Kc4 52. g5 fxg5 53. hxg5 hxg5 54. f6 Kxc3 55. Nxe5 g4 56. f7 Bd6 57. Kd5 Bf8 58. Nxg4 Kb4 59. Kc6 Ka5 60. Kb7 1-0

[Event "Czech Open GM 2019"]
[Site "Pardubice"]
[Date "2019.07.19"]
[Round "1.34"]
[White "Skliarov, Viktor"]
[Black "Elgersma, Simon"]
[Result "1/2-1/2"]
[WhiteElo "2360"]
[BlackElo "2130"]
[Annotator "NA"]
[PlyCount "68"]
[EventDate "2019.07.19"]
[EventType "swiss"]
[EventCountry "CZE"]
[SourceTitle "playchess.com"]
[Source "ChessBase"]
[SourceQuality "1"]

1. e4 c6 2. d4 d5 3. e5 Bf5 4. Nf3 e6 5. Be2 Ne7 6. O-O Ng6 7. Ne1 h5 8. c4 dxc4 9. Bxc4 Nd7 10. f4 Nb6 11. Be2 h4 12. Nc3 Be7 13. Bf3 Qd7 14. Be3 O-O-O 15. Qb3 Nxf4 16. Bxc6 Qxc6 17. Rxf4 Kb8 18. Rxf5 exf5 19. Qxf7 Bb4 20. Qxf5 Bxc3 21. bxc3 Qxc3 22. Nc2 Rhf8 23. Qe4 Rc8 24. Rc1 Nc4 25. Rb1 b6 26. h3 Nd6 27. Qd5 Nf5 28. Bf4 Nxd4 29. Nxd4 Rxf4 30. Qd6+ Qc7 31. Qxc7+ Rxc7 32. Ne6 Re4 33. Nxc7 Kxc7 34. Rf1 Rxe5 1/2-1/2

[Event "Czech Open GM 2019"]
[Site "Pardubice"]
[Date "2019.07.19"]
[Round "1.35"]
[White "Zetocha, Adrian"]
[Black "Bryzgalin, Kirill"]
[Result "0-1"]
[WhiteElo "2193"]
[BlackElo "2437"]
[Annotator "NA"]
[PlyCount "94"]
[EventDate "2019.07.19"]
[EventType "swiss"]
[EventCountry "CZE"]
[SourceTitle "playchess.com"]
[Source "ChessBase"]
[SourceQuality "1"]

1. d4 Nf6 2. c4 e5 3. dxe5 Ng4 4. Bf4 Nc6 5. Nf3 Bb4+ 6. Nc3 Qe7 7. Qd5 f6 8. exf6 Nxf6 9. Qd3 d6 10. a3 Bxc3+ 11. Qxc3 Ne4 12. Qe3 O-O 13. g3 Bf5 14. Bg2 Qf7 15. Nd2 Nc5 16. b4 Qf6 17. O-O Rae8 18. bxc5 Rxe3 19. Bxe3 Nd4 20. cxd6 cxd6 21. Bd5+ Kh8 22. Bxb7 Nc2 23. Ra2 Nxe3 24. fxe3 Qe7 25. e4 Bh3 26. Rxf8+ Qxf8 27. Bd5 Qc8 28. e3 Qg4 29. Kf2 Qd1 30. e5 dxe5 31. c5 Qc1 32. c6 Bf5 33. a4 Bd3 34. g4 h6 35. h4 Qc5 36. Bf3 e4 37. Nxe4 Qxc6 38. Nd2 Qf6 39. h5 Qh4+ 40. Kg2 Qe1 41. e4 a5 42. Rb2 Qc1 43. Ra2 Qc3 44. Kg3 Kg8 45. Kf4 Kf7 46. Bd1 Ke7 47. Bb3 Bb1 0-1

[Event "Czech Open GM 2019"]
[Site "Pardubice"]
[Date "2019.07.19"]
[Round "1.35"]
[White "Milikow, Elie"]
[Black "Iliaguev, Nisim"]
[Result "1/2-1/2"]
[WhiteElo "2129"]
[BlackElo "2357"]
[Annotator "NA"]
[PlyCount "140"]
[EventDate "2019.07.19"]
[EventType "swiss"]
[EventCountry "CZE"]
[SourceTitle "playchess.com"]
[Source "ChessBase"]
[SourceQuality "1"]

1. e4 c5 2. Nf3 g6 3. c4 Nc6 4. d4 cxd4 5. Nxd4 Nf6 6. Nc3 d6 7. Be2 Nxd4 8. Qxd4 Bg7 9. Be3 O-O 10. Qd2 a5 11. f3 a4 12. O-O Qa5 13. Rfd1 Be6 14. Nd5 Bxd5 15. Qxa5 Rxa5 16. cxd5 Nd7 17. Rac1 Nc5 18. Rc2 b6 19. Bf2 Rb8 20. Kf1 Bf6 21. Rb1 h5 22. b4 axb3 23. axb3 Ra3 24. b4 Na4 25. Be1 Kg7 26. Rbc1 b5 27. f4 Re3 28. Bf3 Nb6 29. Re2 Rd3 30. e5 dxe5 31. fxe5 Bg5 32. Rc3 Rd4 33. Rc5 Nc4 34. Bc3 Rd3 35. Rc2 Rxf3+ 36. gxf3 Ne3+ 37. Ke2 Nxc2 38. e6+ Bf6 39. Bxf6+ Kxf6 40. Rxc2 fxe6 41. Rc6 Ke5 42. Rxe6+ Kxd5 43. Rxe7 Kc4 44. Re4+ Kc3 45. f4 Rf8 46. h4 Rf6 47. Ke3 Rd6 48. f5 gxf5 49. Re5 Kxb4 50. Rxf5 Rh6 51. Kd2 Rd6+ 52. Ke3 Kc4 53. Rxh5 b4 54. Rh8 b3 55. Rc8+ Kb4 56. Rb8+ Kc3 57. Rc8+ Kb2 58. Kf4 Ka2 59. Ra8+ Kb1 60. Rb8 b2 61. Kg5 Kc2 62. h5 Rd3 63. Rxb2+ Kxb2 64. h6 Rg3+ 65. Kf6 Kc3 66. h7 Rh3 67. Kg7 Rg3+ 68. Kf7 Rh3 69. Kg8 Rg3+ 70. Kh8 Kd3 1/2-1/2

[Event "Czech Open GM 2019"]
[Site "Pardubice"]
[Date "2019.07.19"]
[Round "1.36"]
[White "Kacharava, Nikolozi"]
[Black "Murko, David"]
[Result "1-0"]
[WhiteElo "2431"]
[BlackElo "2192"]
[Annotator "NA"]
[PlyCount "87"]
[EventDate "2019.07.19"]
[EventType "swiss"]
[EventCountry "CZE"]
[SourceTitle "playchess.com"]
[Source "ChessBase"]
[SourceQuality "1"]

1. e4 c5 2. Nf3 d6 3. d4 cxd4 4. Qxd4 a6 5. c4 Nf6 6. h3 g6 7. Be2 Bg7 8. O-O O-O 9. Nc3 Nc6 10. Qe3 Nd7 11. Rb1 Nde5 12. Rd1 Nxf3+ 13. Bxf3 Qa5 14. Rd5 Qc7 15. b3 b5 16. Rd1 bxc4 17. Nd5 Qa5 18. Bd2 c3 19. b4 Qd8 20. Bxc3 Bxc3 21. Qxc3 Ne5 22. Be2 Bb7 23. f4 Nd7 24. Rbc1 Nb6 25. Qc7 Bxd5 26. exd5 Qxc7 27. Rxc7 Rfc8 28. Rxe7 Rc2 29. a3 Rc3 30. Rb7 Na4 31. Rd3 Rc1+ 32. Kh2 Re8 33. Bf3 Nb2 34. Rd4 Re3 35. Rb6 Rc2 36. Rc6 Rec3 37. Re4 Kf8 38. Re2 Rxe2 39. Rxc3 Rd2 40. Rc6 Nd3 41. Rxd6 Ra2 42. Rxa6 Nxb4 43. Ra8+ Kg7 44. d6 1-0

[Event "Czech Open GM 2019"]
[Site "Pardubice"]
[Date "2019.07.19"]
[Round "1.36"]
[White "Hemant, Sharma"]
[Black "Soham Datar"]
[Result "1/2-1/2"]
[WhiteElo "2355"]
[BlackElo "2129"]
[Annotator "NA"]
[PlyCount "79"]
[EventDate "2019.07.19"]
[EventType "swiss"]
[EventCountry "CZE"]
[SourceTitle "playchess.com"]
[Source "ChessBase"]
[SourceQuality "1"]

1. e4 c5 2. c4 Nc6 3. Nc3 g6 4. g3 Bg7 5. Bg2 Nf6 6. d3 d6 7. Nge2 O-O 8. O-O a6 9. h3 Ne8 10. Be3 Nd4 11. Kh2 Rb8 12. Rb1 b5 13. cxb5 axb5 14. b4 Nxe2 15. Nxe2 cxb4 16. Rxb4 Qa5 17. Qb1 Nc7 18. a4 Bd7 19. axb5 Rxb5 20. Rxb5 Nxb5 21. Rc1 h6 22. d4 Rc8 23. Rxc8+ Bxc8 24. Qc1 Qc7 25. Bxh6 Qxc1 26. Bxc1 Nxd4 27. Nxd4 Bxd4 28. f4 Kg7 29. Bf3 Bb7 30. Kg2 f5 31. exf5 Bxf3+ 32. Kxf3 gxf5 33. g4 Kg6 34. Be3 Bg7 35. Bd2 e5 36. gxf5+ Kxf5 37. fxe5 dxe5 38. Bb4 e4+ 39. Ke2 Bf6 40. Bd6 1/2-1/2

[Event "Czech Open GM 2019"]
[Site "Pardubice"]
[Date "2019.07.19"]
[Round "1.37"]
[White "Tejaswini, Sagar"]
[Black "Koustav Chatterjee"]
[Result "0-1"]
[WhiteElo "2191"]
[BlackElo "2430"]
[Annotator "NA"]
[PlyCount "90"]
[EventDate "2019.07.19"]
[EventType "swiss"]
[EventCountry "CZE"]
[SourceTitle "playchess.com"]
[Source "ChessBase"]
[SourceQuality "1"]

1. e4 Nf6 2. e5 Nd5 3. d4 d6 4. c4 Nb6 5. exd6 cxd6 6. Nc3 g6 7. Be3 Bg7 8. Rc1 O-O 9. b3 Bf5 10. Nf3 d5 11. c5 Nc8 12. Be2 Nc6 13. O-O Bg4 14. h3 Bxf3 15. Bxf3 e6 16. Qd2 N8e7 17. Ne2 Nf5 18. g4 Nxe3 19. Qxe3 Qh4 20. Bg2 h5 21. gxh5 Qxh5 22. Rcd1 Bf6 23. Qf3 Qxf3 24. Bxf3 Kg7 25. Bg2 Rh8 26. a3 Rh4 27. f4 g5 28. fxg5 Bxg5 29. Rd3 Nxd4 30. Ng3 Kg6 31. b4 a5 32. Rb1 Nc6 33. b5 Ne5 34. Rc3 Bd2 35. Rc2 Be3+ 36. Kh1 Rc4 37. Rxc4 Nxc4 38. c6 bxc6 39. bxc6 Rc8 40. Rb3 Rxc6 41. Bf1 Bf4 42. Ne2 Be5 43. Rd3 Rb6 44. a4 Rb1 45. Kg2 Ra1 0-1

[Event "Czech Open GM 2019"]
[Site "Pardubice"]
[Date "2019.07.19"]
[Round "1.37"]
[White "Martynyuk, Elizaveta"]
[Black "Grela, Kacper"]
[Result "0-1"]
[WhiteElo "2125"]
[BlackElo "2354"]
[Annotator "NA"]
[PlyCount "66"]
[EventDate "2019.07.19"]
[EventType "swiss"]
[EventCountry "CZE"]
[SourceTitle "playchess.com"]
[Source "ChessBase"]
[SourceQuality "1"]

1. e4 c5 2. Nf3 Nc6 3. d4 cxd4 4. Nxd4 Nf6 5. Nc3 d6 6. Bg5 e6 7. Qd2 a6 8. f3 Be7 9. h4 O-O 10. O-O-O Nxd4 11. Qxd4 Qa5 12. g4 b5 13. e5 dxe5 14. Qxe5 Bb7 15. Be2 Rac8 16. Be3 Nd5 17. Nxd5 Bxd5 18. g5 Qxa2 19. Bd4 f6 20. Qe3 Bb4 21. c3 Qa1+ 22. Kc2 Bb3+ 23. Kd3 Qxb2 24. Qd2 Qxd2+ 25. Rxd2 Bc5 26. gxf6 gxf6 27. f4 Bc4+ 28. Ke3 Bxd4+ 29. cxd4 Bxe2 30. Rxe2 Rfd8 31. f5 exf5 32. Kf4 Rxd4+ 33. Kxf5 Kf7 0-1

[Event "Czech Open GM 2019"]
[Site "Pardubice"]
[Date "2019.07.19"]
[Round "1.38"]
[White "Horvath, Dominik"]
[Black "Ristoja, Samu"]
[Result "1-0"]
[WhiteElo "2424"]
[BlackElo "2190"]
[Annotator "NA"]
[PlyCount "67"]
[EventDate "2019.07.19"]
[EventType "swiss"]
[EventCountry "CZE"]
[SourceTitle "playchess.com"]
[Source "ChessBase"]
[SourceQuality "1"]

1. Nf3 c5 2. c4 Nc6 3. b3 Nf6 4. Bb2 d6 5. g3 e5 6. d3 g6 7. Bg2 Bg7 8. O-O O-O 9. Nc3 Nh5 10. a3 f5 11. Nd2 Be6 12. Nd5 Ne7 13. b4 Bxd5 14. cxd5 cxb4 15. axb4 b5 16. Nb3 Qb6 17. e4 fxe4 18. dxe4 Bh6 19. Bh3 Rf6 20. Kg2 Raf8 21. f3 Kh8 22. Ra3 Nc8 23. Bg4 Qc7 24. Na5 Nb6 25. Rc3 Qg7 26. Bc1 R6f7 27. Rc6 Nf6 28. Be6 Re7 29. Bb2 Rc7 30. Rxd6 Ne8 31. Rc6 Qe7 32. Bxe5+ Bg7 33. Bxc7 Nxc7 34. d6 1-0

[Event "Czech Open GM 2019"]
[Site "Pardubice"]
[Date "2019.07.19"]
[Round "1.38"]
[White "Parkhov, Yair"]
[Black "Frank, Adam"]
[Result "1-0"]
[WhiteElo "2354"]
[BlackElo "2125"]
[Annotator "NA"]
[PlyCount "123"]
[EventDate "2019.07.19"]
[EventType "swiss"]
[EventCountry "CZE"]
[SourceTitle "playchess.com"]
[Source "ChessBase"]
[SourceQuality "1"]

1. Nf3 d6 2. d4 g6 3. e4 Nf6 4. Nbd2 Bg7 5. Bb5+ c6 6. Bd3 O-O 7. O-O Nbd7 8. c3 b6 9. Re1 e5 10. a4 Qc7 11. Qc2 Nh5 12. Nf1 c5 13. dxe5 Nxe5 14. Be2 Bg4 15. Nxe5 Bxe2 16. Qxe2 dxe5 17. g3 Qc6 18. Bd2 Rfd8 19. Red1 Nf6 20. f3 Rd7 21. Bg5 Rad8 22. Rxd7 Rxd7 23. Ne3 Ne8 24. Nd5 f6 25. Be3 Nc7 26. c4 a5 27. b3 Ne6 28. Rf1 Nd4 29. Qd3 Rf7 30. f4 Qe6 31. f5 Qd6 32. g4 Kh8 33. Kg2 gxf5 34. gxf5 Qf8 35. Rg1 Bh6 36. Bf2 Rg7+ 37. Kf1 Rxg1+ 38. Bxg1 Bg5 39. Qh3 Qe8 40. Bf2 Kg7 41. Qg4 h5 42. Qg3 h4 43. Qg4 Qh8 44. Qd1 Qh6 45. Nxb6 Kf8 46. Nd5 Bf4 47. Qg4 Nxb3 48. Qxh4 Nd2+ 49. Ke2 Nxe4 50. Nxf4 Qxf4 51. Qxf4 exf4 52. Be1 Nd6 53. Bxa5 Nxc4 54. Bc7 Ke7 55. Bxf4 Nb6 56. a5 Nd5 57. Be3 Kd6 58. a6 Kc6 59. a7 Nc7 60. h4 Kb6 61. h5 Kxa7 62. h6 1-0

[Event "Czech Open GM 2019"]
[Site "Pardubice"]
[Date "2019.07.19"]
[Round "1.39"]
[White "Budrewicz, Krzysztof"]
[Black "Piesik, Piotr"]
[Result "0-1"]
[WhiteElo "2188"]
[BlackElo "2421"]
[Annotator "NA"]
[PlyCount "118"]
[EventDate "2019.07.19"]
[EventType "swiss"]
[EventCountry "CZE"]
[SourceTitle "playchess.com"]
[Source "ChessBase"]
[SourceQuality "1"]

1. d4 e6 2. c4 Nf6 3. Nf3 b6 4. g3 Bb7 5. Bg2 Be7 6. O-O O-O 7. d5 exd5 8. Nh4 c6 9. cxd5 Nxd5 10. Nf5 Nc7 11. e4 d5 12. Nc3 Bf6 13. Bf4 Nba6 14. Nd6 Rb8 15. Qe2 Nc5 16. Nxb7 Rxb7 17. exd5 Nxd5 18. Nxd5 cxd5 19. Rad1 Re7 20. Qb5 d4 21. b3 Ne4 22. Bd2 Nxd2 23. Rxd2 Re5 24. Qd3 Rc5 25. Rfd1 Qc7 26. Bf1 Re8 27. Qf3 b5 28. Bd3 a6 29. Re2 Rxe2 30. Qxe2 g6 31. Qf3 Kg7 32. Kg2 Qa5 33. Qe2 Re5 34. Qd2 Qc3 35. Bf1 Rf5 36. Be2 h5 37. Qd3 Rc5 38. Qd2 Bg5 39. Qd3 Qb2 40. h4 Bf6 41. Rd2 Qa1 42. Rc2 Rc3 43. Qd1 Qxd1 44. Bxd1 d3 45. Rd2 Bd4 46. b4 Kf6 47. Bb3 Ke5 48. Kf3 Bb6 49. Rd1 Kd4 50. Bxf7 Rc6 51. Bb3 Rf6+ 52. Kg2 Kc3 53. f4 Rd6 54. Kf3 Kxb4 55. Ke4 d2 56. Bf7 Kc3 57. Ke5 Rc6 58. Rf1 Kd3 59. Bb3 Ke2 0-1

[Event "Czech Open GM 2019"]
[Site "Pardubice"]
[Date "2019.07.19"]
[Round "1.39"]
[White "Gloser, David"]
[Black "Mosesov, Danylo"]
[Result "1/2-1/2"]
[WhiteElo "2123"]
[BlackElo "2353"]
[Annotator "NA"]
[PlyCount "53"]
[EventDate "2019.07.19"]
[EventType "swiss"]
[EventCountry "CZE"]
[SourceTitle "playchess.com"]
[Source "ChessBase"]
[SourceQuality "1"]

1. e4 c5 2. Ne2 Nf6 3. Nbc3 d6 4. g3 h5 5. h3 Nc6 6. Bg2 e5 7. d3 Be7 8. O-O Nd4 9. Nd5 Nxd5 10. exd5 h4 11. Nxd4 cxd4 12. g4 f5 13. f4 O-O 14. Qe2 fxg4 15. hxg4 Bd7 16. Be4 Rc8 17. Rf2 exf4 18. Bxf4 Bg5 19. Raf1 Bxf4 20. Rxf4 Rxf4 21. Rxf4 Qg5 22. Qf3 h3 23. c4 dxc3 24. bxc3 Re8 25. Kh2 g6 26. c4 Re7 27. d4 1/2-1/2

[Event "Czech Open GM 2019"]
[Site "Pardubice"]
[Date "2019.07.19"]
[Round "1.40"]
[White "Cukrowski, Filip"]
[Black "Milikow, Yoav"]
[Result "1-0"]
[WhiteElo "2421"]
[BlackElo "2186"]
[Annotator "NA"]
[PlyCount "159"]
[EventDate "2019.07.19"]
[EventType "swiss"]
[EventCountry "CZE"]
[SourceTitle "playchess.com"]
[Source "ChessBase"]
[SourceQuality "1"]

1. Nf3 Nf6 2. c4 c5 3. Nc3 d5 4. cxd5 Nxd5 5. e4 Nxc3 6. dxc3 Qc7 7. Be3 Bd7 8. Qd2 Bc6 9. Bc4 Nd7 10. O-O e6 11. Bf4 e5 12. Bg3 f6 13. Qe2 Nb6 14. Bb3 O-O-O 15. a4 a5 16. Be6+ Kb8 17. b3 Qe7 18. Bc4 Nxc4 19. Qxc4 g6 20. Rfd1 Bh6 21. h3 Ka8 22. Ne1 Bd7 23. Nd3 Rc8 24. Nb2 Rhd8 25. Rd3 Bc6 26. Rad1 Rxd3 27. Qxd3 Bf8 28. Nc4 Qc7 29. Ne3 Be7 30. Qc4 Rd8 31. Nd5 Bxd5 32. Rxd5 Bd6 33. f3 b6 34. Qa6+ Kb8 35. Bf2 Qb7 36. Qd3 Kc7 37. Kf1 Qc6 38. Ke2 Be7 39. Rxd8 Bxd8 40. Qc4 Qd7 41. Be3 f5 42. exf5 gxf5 43. g4 e4 44. fxe4 fxg4 45. Bf4+ Kb7 46. Qd5+ Qxd5 47. exd5 gxh3 48. c4 Bh4 49. Kf1 h6 50. Kg1 Bg5 51. Bg3 Kc8 52. Kh2 Kd7 53. Kxh3 h5 54. Bh4 Bd2 55. Kg2 Bf4 56. Kf3 Bc7 57. Ke4 Bd6 58. Kf5 Bc7 59. Kg6 Bd6 60. Kxh5 Bc7 61. Kg6 Bd6 62. Kf5 Bc7 63. Bg5 Bd6 64. Bf4 Be7 65. Bb8 Bd8 66. d6 Kc8 67. Ba7 Kb7 68. Ke6 Kxa7 69. Kd7 Bh4 70. Kc8 Ka8 71. d7 Ka7 72. d8=Q Bxd8 73. Kxd8 Kb8 74. Kd7 Kb7 75. Kd6 Kb8 76. Kc6 Ka7 77. Kc7 Ka6 78. Kb8 b5 79. axb5+ Kb6 80. Kc8 1-0

[Event "Czech Open GM 2019"]
[Site "Pardubice"]
[Date "2019.07.19"]
[Round "1.40"]
[White "Roshka, Yevgeniy"]
[Black "Wong, Gengchun"]
[Result "1-0"]
[WhiteElo "2353"]
[BlackElo "2118"]
[Annotator "NA"]
[PlyCount "65"]
[EventDate "2019.07.19"]
[EventType "swiss"]
[EventCountry "CZE"]
[SourceTitle "playchess.com"]
[Source "ChessBase"]
[SourceQuality "1"]

1. e4 c5 2. Nf3 d6 3. g3 Nf6 4. d3 g6 5. Bg2 Bg7 6. O-O O-O 7. Re1 Nc6 8. c3 e5 9. a3 d5 10. Nbd2 Re8 11. b4 cxb4 12. axb4 d4 13. cxd4 Nxd4 14. Bb2 Bg4 15. h3 Bxf3 16. Nxf3 Bf8 17. Nxd4 exd4 18. Qa4 Qb6 19. b5 Red8 20. e5 Ne8 21. Re4 Bc5 22. e6 fxe6 23. Qc4 Ng7 24. Rae1 Kh8 25. Rc1 Rac8 26. Re5 Bf8 27. Qxc8 Rxc8 28. Rxc8 Qd6 29. Re4 e5 30. Rxe5 h5 31. Rd5 Qb4 32. Bxd4 Kh7 33. Rxf8 1-0

[Event "Czech Open GM 2019"]
[Site "Pardubice"]
[Date "2019.07.19"]
[Round "1.41"]
[White "Geller, Anastasia"]
[Black "Nguyen, Piotr"]
[Result "0-1"]
[WhiteElo "2186"]
[BlackElo "2420"]
[Annotator "NA"]
[PlyCount "62"]
[EventDate "2019.07.19"]
[EventType "swiss"]
[EventCountry "CZE"]
[SourceTitle "playchess.com"]
[Source "ChessBase"]
[SourceQuality "1"]

1. d4 d6 2. Nf3 g6 3. e3 Bg7 4. Be2 Nd7 5. b3 e5 6. Bb2 e4 7. Nfd2 f5 8. c4 Ngf6 9. Nc3 O-O 10. Qc2 a6 11. g4 Nxg4 12. Bxg4 fxg4 13. Ndxe4 Nf6 14. Nxf6+ Qxf6 15. Nd5 Qf7 16. O-O-O Rb8 17. Rhf1 b5 18. Nf4 bxc4 19. Qxc4 Qxc4+ 20. bxc4 Rb4 21. Bc3 Rxc4 22. Kb2 Bf5 23. Rc1 Rb8+ 24. Ka1 c5 25. Bb2 Rcb4 26. Bc3 cxd4 27. exd4 Rxd4 28. Ne2 Rd2 29. Bxg7 Kxg7 30. Rc7+ Kh6 31. Nc3 d5 0-1

[Event "Czech Open GM 2019"]
[Site "Pardubice"]
[Date "2019.07.19"]
[Round "1.41"]
[White "Boehning, Kilian"]
[Black "Rudolf, Michal"]
[Result "1/2-1/2"]
[WhiteElo "2115"]
[BlackElo "2351"]
[Annotator "NA"]
[PlyCount "41"]
[EventDate "2019.07.19"]
[EventType "swiss"]
[EventCountry "CZE"]
[SourceTitle "playchess.com"]
[Source "ChessBase"]
[SourceQuality "1"]

1. f4 b6 2. Nf3 Bb7 3. g3 Bxf3 4. exf3 e6 5. d4 h5 6. h4 Nh6 7. Bh3 c5 8. d5 Nf5 9. Bxf5 exf5 10. O-O d6 11. Re1+ Be7 12. Qd3 g6 13. Qe2 Kf8 14. a4 Bf6 15. Na3 Kg7 16. Rb1 a6 17. Bd2 Nd7 18. Bc3 Re8 19. Qxe8 Qxe8 20. Rxe8 Rxe8 21. Kf2 1/2-1/2

[Event "Czech Open GM 2019"]
[Site "Pardubice"]
[Date "2019.07.19"]
[Round "1.42"]
[White "Plischki, Sebastian"]
[Black "Smirnova, Ekaterina"]
[Result "1-0"]
[WhiteElo "2420"]
[BlackElo "2184"]
[Annotator "NA"]
[PlyCount "97"]
[EventDate "2019.07.19"]
[EventType "swiss"]
[EventCountry "CZE"]
[SourceTitle "playchess.com"]
[Source "ChessBase"]
[SourceQuality "1"]

1. d4 d5 2. c4 c6 3. Nf3 Nf6 4. Nc3 e6 5. Bg5 dxc4 6. e4 b5 7. e5 h6 8. Bh4 g5 9. Nxg5 hxg5 10. Bxg5 Nbd7 11. g3 Bb7 12. Bg2 Qb6 13. exf6 O-O-O 14. O-O c5 15. d5 b4 16. Na4 Qb5 17. a3 Nb6 18. Nxb6+ Qxb6 19. Qg4 Bxd5 20. Bxd5 Rxd5 21. axb4 cxb4 22. Qxc4+ Kb7 23. Be3 Bc5 24. Bxc5 Rxc5 25. Qe4+ Kb8 26. Rfd1 Rf5 27. Qd4 Qxd4 28. Rxd4 a5 29. g4 Rxf6 30. Rxa5 Rfh6 31. Rxb4+ Kc7 32. Ra7+ Kd6 33. Rxf7 Rxh2 34. Re4 Rh1+ 35. Kg2 R1h2+ 36. Kf1 Rh1+ 37. Ke2 Rb1 38. Rb7 Kd5 39. Re3 Rg8 40. f3 Rh8 41. Kd2 Rh2+ 42. Re2 Rh3 43. Rb3 Rg3 44. Rd3+ Kc4 45. Re4+ Kc5 46. Re5+ Kc6 47. Rxe6+ Kc5 48. Re5+ Kc6 49. b3 1-0

[Event "Czech Open GM 2019"]
[Site "Pardubice"]
[Date "2019.07.19"]
[Round "1.42"]
[White "Seger, Ruediger"]
[Black "Rakshitta Ravi"]
[Result "1-0"]
[WhiteElo "2350"]
[BlackElo "2112"]
[Annotator "NA"]
[PlyCount "89"]
[EventDate "2019.07.19"]
[EventType "swiss"]
[EventCountry "CZE"]
[SourceTitle "playchess.com"]
[Source "ChessBase"]
[SourceQuality "1"]

1. e4 e5 2. Nf3 Nc6 3. d4 exd4 4. Nxd4 Nf6 5. Nc3 Bb4 6. Nxc6 bxc6 7. Bd3 O-O 8. O-O d5 9. exd5 cxd5 10. h3 c6 11. Qf3 h6 12. Bf4 Bd6 13. Rfe1 Re8 14. Rxe8+ Nxe8 15. Re1 Be6 16. Bxd6 Qxd6 17. Ne2 Nc7 18. Rd1 Rb8 19. b3 Qe5 20. c3 Re8 21. b4 Bd7 22. Qf4 Qxf4 23. Nxf4 Ne6 24. Bf5 Nxf4 25. Bxd7 Re4 26. Kf1 Rc4 27. Rd4 Rxd4 28. cxd4 Kf8 29. g3 Ke7 30. Bxc6 Kd6 31. gxf4 Kxc6 32. a4 f5 33. Ke2 Kb6 34. Kd3 a6 35. Kc3 Kb7 36. Kb3 Kc6 37. h4 g6 38. Kc3 Kb7 39. Kd3 h5 40. Kc3 Kb6 41. Kb3 Kc6 42. b5+ axb5 43. a5 Kb7 44. Kb4 Ka6 45. f3 1-0

[Event "Czech Open GM 2019"]
[Site "Pardubice"]
[Date "2019.07.19"]
[Round "1.43"]
[White "Kumala, Aleksander"]
[Black "Dobrowolski, Piotr"]
[Result "0-1"]
[WhiteElo "2184"]
[BlackElo "2418"]
[Annotator "NA"]
[PlyCount "122"]
[EventDate "2019.07.19"]
[EventType "swiss"]
[EventCountry "CZE"]
[SourceTitle "playchess.com"]
[Source "ChessBase"]
[SourceQuality "1"]

1. d4 e6 2. e4 d5 3. Bd3 c5 4. exd5 exd5 5. Nf3 c4 6. Be2 Nf6 7. b3 cxb3 8. axb3 Nc6 9. O-O Be7 10. c4 O-O 11. Nc3 Bf5 12. Ne5 Nb4 13. Qd2 dxc4 14. Bxc4 a6 15. Bb2 Rc8 16. Rfc1 Nfd5 17. Nxd5 Nxd5 18. Qa5 Be6 19. Qe1 Re8 20. Qe4 Bg5 21. Rd1 g6 22. Qf3 h5 23. h3 Kg7 24. Re1 Bf6 25. Rad1 b5 26. Bd3 Qd6 27. Rc1 Rxc1 28. Bxc1 Nb4 29. Bh6+ Kxh6 30. Qxf6 Qe7 31. Qf4+ Qg5 32. Qf3 Kg7 33. Be4 Rd8 34. Qc3 Nd5 35. Bxd5 Bxd5 36. f3 Qf6 37. Ra1 Qd6 38. b4 Bb7 39. d5 f6 40. Nd3 Qxd5 41. Re1 Qxd3 42. Re7+ Kh6 43. Qxd3 Rxd3 44. Rxb7 Rd4 45. Rb6 Rxb4 46. Rxa6 Kg5 47. Rb6 h4 48. Rb8 Rb2 49. Rb6 Kf5 50. Rb8 g5 51. Rb6 b4 52. Rb5+ Kf4 53. Kh2 b3 54. Rb6 Ke5 55. Kg1 Kd4 56. Rxf6 Rd2 57. f4 b2 58. Rd6+ Ke3 59. Re6+ Kxf4 60. Kh2 b1=Q 61. Rf6+ Qf5 0-1

[Event "Czech Open GM 2019"]
[Site "Pardubice"]
[Date "2019.07.19"]
[Round "1.43"]
[White "Hoellmann, Ludger"]
[Black "Jasny, Stanislav"]
[Result "0-1"]
[WhiteElo "2112"]
[BlackElo "2345"]
[Annotator "NA"]
[PlyCount "86"]
[EventDate "2019.07.19"]
[EventType "swiss"]
[EventCountry "CZE"]
[SourceTitle "playchess.com"]
[Source "ChessBase"]
[SourceQuality "1"]

1. Nf3 Nf6 2. c4 d6 3. d4 Nbd7 4. Nc3 e5 5. e4 g6 6. Be2 Bg7 7. O-O O-O 8. Be3 c6 9. h3 exd4 10. Nxd4 Re8 11. Qc2 Nc5 12. f3 Nh5 13. Rfe1 Be5 14. Bf1 Qh4 15. Nce2 Ne6 16. Nxe6 Bxe6 17. g4 Ng3 18. Bf2 Nxe2+ 19. Qxe2 Qf6 20. Rab1 h5 21. Bg2 hxg4 22. fxg4 Qf4 23. b3 a6 24. Qf3 Qh2+ 25. Kf1 c5 26. Bg1 Qg3 27. Bf2 Qxf3 28. Bxf3 b5 29. Be2 b4 30. Kg2 a5 31. Bg3 a4 32. Bxe5 dxe5 33. Rb2 Red8 34. Rd1 Rxd1 35. Bxd1 Rd8 36. Be2 a3 37. Rc2 Rd4 38. Kf3 f5 39. exf5 gxf5 40. Kg3 f4+ 41. Kf3 Bd7 42. Rc1 Bc6+ 43. Kf2 Rd2 0-1

[Event "Czech Open GM 2019"]
[Site "Pardubice"]
[Date "2019.07.19"]
[Round "1.44"]
[White "Hollan, Martin"]
[Black "Husek, Martin"]
[Result "1-0"]
[WhiteElo "2416"]
[BlackElo "2182"]
[Annotator "NA"]
[PlyCount "97"]
[EventDate "2019.07.19"]
[EventType "swiss"]
[EventCountry "CZE"]
[SourceTitle "playchess.com"]
[Source "ChessBase"]
[SourceQuality "1"]

1. c4 c5 2. Nc3 g6 3. e3 Nf6 4. Nf3 Bg7 5. d4 cxd4 6. Nxd4 Nc6 7. Be2 d5 8. O-O e5 9. Ndb5 a6 10. cxd5 axb5 11. Bxb5 Nxd5 12. Qxd5 O-O 13. Bxc6 bxc6 14. Qxc6 Rb8 15. Rd1 Qa5 16. Rd5 Qa7 17. Qc5 Qa8 18. Qa5 Bb7 19. Qxa8 Bxa8 20. Rb5 Rxb5 21. Nxb5 Rd8 22. f3 e4 23. Nd4 exf3 24. gxf3 Bxd4 25. exd4 Bxf3 26. Kf2 Bd5 27. Bd2 Rc8 28. Bc3 f6 29. a4 Kf7 30. a5 h5 31. a6 Ke6 32. a7 g5 33. Ra6+ Kf5 34. Rd6 Ke4 35. Rxf6 Ra8 36. Rg6 Rxa7 37. Rxg5 Rf7+ 38. Kg3 Rf5 39. Kh4 Rxg5 40. Kxg5 Bf7 41. Kf6 Bb3 42. Ke7 Kd5 43. Kd7 Bd1 44. h4 Kc4 45. Kd6 Bf3 46. Ke5 Bg2 47. Be1 Bf3 48. Bf2 Bg2 49. d5 1-0